|
|
|
|
| LEADER |
00000nab a2200000 a 4500 |
| 001 |
vtls000519837 |
| 003 |
SK-MaSNL |
| 005 |
20260304090219.0 |
| 008 |
250425c1994 xo 0 slo |
| 015 |
|
|
|a SNBRB19rr/mm-uuuuu
|
| 035 |
|
|
|a CL0519975
|
| 035 |
|
|
|a urn:nbn:sk:snk-ab6pqs
|
| 035 |
|
|
|a (uuid)9ad24435-cd2f-4d58-80d6-5e6faee2c890
|
| 035 |
|
|
|a (urnnbn)urn:nbn:sk:snk:ar-005r2e
|
| 035 |
|
|
|a (sysno)vtls000519837
|
| 040 |
|
|
|a SNKBUCL
|b slo
|c SNKBUCL
|e AACR2
|
| 041 |
0 |
|
|a slo
|
| 044 |
|
|
|a xo
|c SK
|
| 080 |
|
|
|a 621.791.75.03-52
|2 1981
|
| 100 |
1 |
|
|a Sudil, Jaroslav
|4 aut
|9 590127
|
| 245 |
1 |
0 |
|a Zariadenia na automatické vedenie zváracích hubíc a zváracích hláv
|c Jaroslav Sudil, Miloš Petratur, Miroslav Tokarčík
|
| 300 |
|
|
|b Obr. 1, sch. 2, lit. 1 zázn. v slov.
|
| 500 |
|
|
|a Na dok. chybne ISSN
|
| 650 |
0 |
7 |
|a hubice zváracie
|2 snkbucl
|9 1376111
|
| 650 |
0 |
7 |
|a hlavy zváracie
|2 snkbucl
|9 1380886
|
| 655 |
|
7 |
|a články z novín a časopisov
|2 snkbucl
|9 267496
|
| 700 |
1 |
|
|a Petratur, Miloš
|4 aut
|9 952722
|
| 700 |
1 |
|
|a Tokarčík, Miroslav
|4 aut
|9 952794
|
| 773 |
0 |
|
|t Zváranie
|g Roč. 43, č. 5 (1994), s. 130-132
|x 0044-5525
|
| 850 |
|
|
|a Slovenská národná knižnica
|
| 852 |
|
|
|a Slovenská národná knižnica
|
| 954 |
|
|
|a odborná, vedecká literatúra pôvodná (slovenská)
|2 lita
|
| 958 |
|
|
|a article
|
| 958 |
|
|
|a OND
|
| 958 |
|
|
|a RK
|
| 958 |
|
|
|a EUIPO
|
| 992 |
|
|
|a RBX
|
| 999 |
|
|
|c 2810725
|d 2812655
|